Možnosti využívania mikroekonomických nástrojov regionálnej politiky v podmienkach SR

Relokácia pracovných síl a relokácia kapitálu ako mikroekonomické nástroje regionálnej politiky. Podpora priamych zahraničných investícií ako mikroekonomický nástroj. Investičné stimuly. Výsledky skúmania závislosti medzi poskytnutou regionálnou štátnou pomocou a mierou nezamestnanosti v rokoch 2004...

Ausführliche Beschreibung

Gespeichert in:
Bibliographische Detailangaben
1. Verfasser: Černáková, Veronika
Format: Buchkapitel
Sprache:Slowakisch
Schlagworte:
Tags: Tag hinzufügen
Keine Tags, Fügen Sie das erste Tag hinzu!

MARC

LEADER 00000nla$a2200000$$$4500
001 0124424
005 20221107084952.6
041 0 |a slo 
044 |a SK 
245 1 0 |a Možnosti využívania mikroekonomických nástrojov regionálnej politiky v podmienkach SR  |c Veronika Černáková 
520 |a Relokácia pracovných síl a relokácia kapitálu ako mikroekonomické nástroje regionálnej politiky. Podpora priamych zahraničných investícií ako mikroekonomický nástroj. Investičné stimuly. Výsledky skúmania závislosti medzi poskytnutou regionálnou štátnou pomocou a mierou nezamestnanosti v rokoch 2004 – 2009, ako aj závislosť medzi poskytnutou regionálnou štátnou pomocou a regionálnym HDP na obyvateľa za rok 2004-2007. Porovnanie prílevu PZI a poskytnutej regionálnej štátnej pomoci v jednotlivých regiónoch v roku 2009. 
610 2 0 |a politika regionálna 
610 2 0 |a rozvoj regionálny 
610 2 0 |a financie 
610 2 0 |a investície priame zahraničné 
610 2 0 |a stimuly ekonomické 
610 2 0 |a pomoc štátna 
610 2 0 |a fondy štruktúrne 
610 2 0 |a kraje 
610 2 0 |a nezamestnanosť 
610 2 0 |a produkt domáci hrubý 
610 2 0 |a Slovensko 
100 1 |a Černáková, Veronika